Est tica / Jerry H. Ginsberg (Registro nro. 21891)
[ vista simple ]
| 000 -LÍDER | |
|---|---|
| fixed length control field | 00825nam a2200169 4500 |
| 008 - ELEMENTOS DE LONGITUD FIJA -- INFORMACIÓN GENERAL | |
| fixed length control field | 0 1980 0aeft000 0MEX |
| 020 ## - NÚMERO INTERNACIONAL NORMALIZADO PARA LIBROS | |
| ISBN | 968-25-0597-6 |
| 082 ## - NUMERO DE CLASIFICACION DECIMAL DEWEY | |
| Número de Clasificación | 620.103 G594e |
| 100 ## - ASIENTO PRINCIPAL--NOMBRE PERSONAL | |
| Nombre personal | Ginsberg, Jerry H. |
| 245 ## - TÍTULO | |
| Título | Est tica / Jerry H. Ginsberg |
| 250 ## - MENCIÓN DE EDICIÓN | |
| Mención de edición | 1a |
| 260 ## - PUBLICACIÓN, DISTRIBUCIÓN, ETC. (PIE DE IMPRENTA) | |
| Lugar de publicación, distribución, etc. | México : Interamericana |
| 300 ## - DESCRIPCIÓN FÍSICA | |
| Extensión | xiii, 437p. / 25cm. |
| 500 ## - NOTA GENERAL | |
| Nota general | Incluye ap‚ndice. |
| 650 ## - ASIENTO SECUNDARIO DE MATERIA - TERMINO TEMÁTICO | |
| Término temático o nombre geográfico como elemento de entrada | 1. ESTÁTICA \ 2. SISTEMAS DE FUERZAS CONCURRENTES Y EQUILIBRIO DE UNA PARTÍCULA \ 3. SISTEMAS GENERALES DE FUERZAS Y EQUILIBRIOS DE CUERPOS RÍGIDOS \ 4. ESTRUCTURAS \ 5. FUERZAS DISTRIBUIDAS \ 6. ANÁLISIS DE FUERZAS INTERNAS \ 7. FRICCIÓN \ 8. MÉTODOS PARA DETERMINAR EL TRABAJO VIRTUAL Y LA ENERGÍA \ 9. MOMENTOS DE ÁREA Y PRODUCTOS DE INERCIA |
| 700 ## - ASIENTO SECUNDARIO - NOMBRE PERSONAL | |
| Nombre personal | I. Genin, Joseph, Aut. \ II. Rubio Su rez, José M. |
| No. biblioteca | No. biblioteca | Número de clasificación | Código de barras/Número de adquisición | Número de copia | Tipo de material |
|---|---|---|---|---|---|
| LUIS G. INCLAN | LUIS G. INCLAN | 620.103 G594e | 5004 | 2 | Libros |
| LUIS G. INCLAN | LUIS G. INCLAN | 620.103 G594e | 5003 | 3 | Libros |
